banner koha

Programa nacional de controle eerradicação da brucelose e da tuberculose animal - PNCEBT (Registro n. 339240)

MARC details
000 -LÍDER
Campo de controle fixo 01040nam a22003017a 4500
001 - NÚMERO DE CONTROLE
Número de controle BR2025004761
003 - CÓDIGO MARC DA AGÊNCIA CATALOGADORA
Campo de controle BR-BrBNA
005 - DATA E HORA DA ÚLTIMA ATUALIZAÇÃO
Campo de controle 20251203144848.0
008 - CAMPO DE TAMANHO FIXO
Campo fixo de controle 251127b2025 bl.||||| |||| 00| 0 por d
020 ## - ISBN - INTERNATIONAL STANDARD BOOK NUMBER
ISBN 85-99851-01-2
040 ## - FONTE DA CATALOGAÇÃO
Agência catalogadora BR-BrBNA
Idioma da catalogação por
041 ## - CÓDIGO DO IDIOMA
Código do Idioma por
072 ## - CATEGORIA AGRIS
Código da categoria de assunto/objeto <a href="L73">L73</a>
Código do objeto 4110
090 ## - NÚMERO DE CHAMADA
Localização na estante 4110 BR2025004761
100 0# - ENTRADA PRINCIPAL - NOME PESSOAL
Nome pessoal Figueiredo, Vera Cecília Ferreira de (org.)
100 0# - ENTRADA PRINCIPAL - NOME PESSOAL
Nome pessoal Lôbo, José Ricardo (org.)
100 0# - ENTRADA PRINCIPAL - NOME PESSOAL
Nome pessoal Gonçalves, Vitor Salvador Picão (org.)
110 ## - ENTRADA PRINCIPAL - ENTIDADE
Nome da entidade ou lugar Secretaria de Defesa Agropecuária - Departamento de Saúde Animal, Esplanada dos Ministérios, Bloco D, Anexo A, 3. andar, Brasília, DF (Brasil)
245 ## - TÍTULO PRINCIPAL
Título principal Programa nacional de controle eerradicação da brucelose e da tuberculose animal - PNCEBT
260 ## - IMPRENTA (PUBLICAÇÃO, DISTRIBUIÇÃO, ETC.)
Lugar de publicação, distribuição, etc. Brasília, DF (Brazil)
Data de publicação, distribuição, etc 2006
300 ## - DESCRIÇÃO FÍSICA
Extensão 188 p.
500 ## - NOTA GERAL
Notas gerais Includes several bibliographies; 24 illus.; 11 tables
650 ## - ASSUNTO - THESAGRO
Cabeçalho tópico ou nome geográfico DOENÇA ANIMAL
650 ## - ASSUNTO - THESAGRO
Cabeçalho tópico ou nome geográfico BRUCELOSE
650 ## - ASSUNTO - THESAGRO
Cabeçalho tópico ou nome geográfico TUBERCULOSE
909 ## - IDENTIFICAÇÃO DO CATALOGADOR
Ano e mês da catalogação (aaaamm) 202511
Identificação do catalogador Solange Oliveira
942 ## - TIPO ESPECÍFICO
Tipo de material Livros
952 ## - LOCATION AND ITEM INFORMATION (KOHA)
-- 2025-11-27
Exemplares
Status de empréstimo Fonte de classificação Status de danificação Não pode ser emprestado Código da coleção Localização permanente Localização atual Localização na estante Total Checkouts Número de chamada Código de barras Tipo de material
  Classificação AGRIS     Agrobase Biblioteca Nacional de Agricultura - Binagri Biblioteca Nacional de Agricultura - Binagri Agrobase - Acervo Geral   4110 BR2025004761 2025-7137 Livros

BINAGRI

Telefone: (61)3218-2567/2388/3357/2097 - binagri@agro.gov.br

Ministério da Agricultura e Pecuária , Esplanada dos Ministérios, Bloco D, Anexo B, Brasília/DF, CEP: 70.043-900